01279nam a2200313Ia 4500001001200000003000800012006001900020007001500039008004100054020002500095020002200120040002100142035002100163050002700184082001500211100002200226245011800248260010600366300001500472504005100487533015200538650002000690650004100710650002300751655002900774710001700803856012600820999001900946ebr10199735CaPaEBRm u cr cn|||||||||070627s2007 dcu sb 001 0 eng d z9780881324037 (pbk.) z0881324035 (pbk.) aCaPaEBRcCaPaEBR a(OCoLC)50343969714aS600.7.G56bC55 2007eb04a338.142221 aCline, William R.10aGlobal warming and agricultureh[electronic resource] :bend-of-century estimates by country /cWilliam R. Cline. aWashington, D.C. :bInstitute for International Economics ;aLondon :bEurospan [distributor],c2007. axv, 186 p. aIncludes bibliographical references and index. aElectronic reproduction.bPalo Alto, Calif. :cebrary,d2011.nAvailable via World Wide Web.nAccess may be limited to ebrary affiliated libraries. 0aGlobal warming. 0aPlantsxEffect of global warming on. 0aCrops and climate. 7aElectronic books.2local2 aebrary, Inc.40uhttp://site.ebrary.com/lib/rucke/Doc?id=10199735zAn electronic book accessible through the World Wide Web; click to view c118567d118567